Marble industry of Rajasthan / (Record no. 127875)

MARC details
000 -LEADER
fixed length control field 00711nam a22002297a 4500
005 - DATE AND TIME OF LATEST TRANSACTION
control field 20170124110031.0
010 ## - LIBRARY OF CONGRESS CONTROL NUMBER
LC control number B-209641
020 ## - INTERNATIONAL STANDARD BOOK NUMBER
Terms of availability 700.00
International Standard Book Number 8180470032
035 ## - SYSTEM CONTROL NUMBER
System control number B-209641
037 ## - SOURCE OF ACQUISITION
Source of stock number/acquisition Cen Lib/Ret
040 ## - CATALOGING SOURCE
Original cataloging agency dpl
Language of cataloging EN
082 ## - DEWEY DECIMAL CLASSIFICATION NUMBER
Classification number 380.1422512
Item number GOY
100 ## - MAIN ENTRY--PERSONAL NAME
Personal name Goyal, Gagan
9 (RLIN) 21791
245 ## - TITLE STATEMENT
Title Marble industry of Rajasthan /
Statement of responsibility, etc by Gagan Goyal
260 ## - PUBLICATION, DISTRIBUTION, ETC. (IMPRINT)
Name of publisher, distributor, etc Jaipur Publishing House
Date of publication, distribution, etc 2003
Place of publication, distribution, etc Jaipur
270 ## - ADDRESS
Address Chaura Rasta
City Jaipur
Postal code 302 003
300 ## - PHYSICAL DESCRIPTION
Extent 360p. :
Dimensions 22cm(Hb)
Other physical details ill.
500 ## - GENERAL NOTE
General note Includes bibliographical references and index
650 ## - SUBJECT ADDED ENTRY--TOPICAL TERM
Topical term or geographic name as entry element International Commerce.
9 (RLIN) 88905
650 ## - SUBJECT ADDED ENTRY--TOPICAL TERM
Topical term or geographic name as entry element Indutries of Jaipur.
9 (RLIN) 21793
942 ## - ADDED ENTRY ELEMENTS (KOHA)
Source of classification or shelving scheme Dewey Decimal Classification
Koha item type English Books
Classification part 380.1422512
Call number suffix GOY
Holdings
Withdrawn status Lost status Damaged status Not for loan Home library Current library Date acquired Source of acquisition Cost, normal purchase price Total Checkouts Full call number Barcode Date last seen Copy number Cost, replacement price Price effective from Koha item type
        Central Library Central Library 30/06/2015 Cen Lib/Ret 700.00   380.1422512 GOY B-209641 30/06/2015 1 700.00 30/06/2015 English Books

© Delhi Public Library
Hit Counter
free hit counter